[Event "AUTO-ELITE-2576"]
[Site "http://www.queenalice.com/game.php?id=1866851"]
[Date "2025.12.10"]
[Round "2"]
[White "trompmaster"]
[Black "Sexxy_Bunny"]
[Result "0-1"]
[WhiteElo "2461"]
[BlackElo "2693"]

1. e4 e5 2. Nc3 Nf6 3. Bc4 Nc6 4. d3 Na5 5. Bb3 Nxb3 6. axb3 d5 7. exd5 Nxd5 8.
Nf3 Bb4 9. Bd2 Nxc3 10. Bxc3 Bxc3+ 11. bxc3 O-O 12. O-O f6 13. d4 exd4 14. cxd4
Re8 15. h3 Be6 16. c4 c6 17. Qd3 Bf7 18. Rfd1 a5 19. Nh4 Qd7 20. Qf5 Qxf5 21.
Nxf5 b6 22. Ne3 Red8 23. g4 Ra7 24. Rd2 Rad7 25. Rad1 Kf8 26. Kg2 Rb7 27. h4 h5
28. g5 fxg5 29. hxg5 b5 30. Ra1 Ra8 31. Rda2 Rba7 32. d5 bxc4 33. bxc4 cxd5 34.
cxd5 a4 35. Ra3 Ra5 36. f4 Be8 37. Kf3 Rb8 38. f5 Rc5 39. Ke4 Rb4+ 40. Ke5 h4
41. Rd3 h3 42. Rh1 Rh4 43. Rh2 Rc1 44. Ra3 Ke7 45. Rd3 Bb5 46. Ra3 Bd7 47. Rd3
Rh5 48. d6+ Ke8 49. Nd5 Re1+ 50. Re3 Rxe3+ 51. Nxe3 a3 52. Nc4 Rh4 53. Nxa3 Bc6
54. f6 g6 55. d7+ Kxd7 56. f7 Ke7 57. f8=B+ Kxf8 58. Kf6 Rf4+ 59. Ke5 Rf5+ 60.
Kd4 Bg2 61. Nc2 Rxg5 62. Ke3 Kf7 63. Kf4 Rf5+ 64. Kg3 Rf1 65. Rxg2 hxg2 66. Kxg2
Rb1 67. Nd4 g5 68. Kg3 Kf6 69. Nc6 Rb3+ 70. Kg4 Rc3 71. Nb8 Rc4+ 72. Kf3 g4+ 73.
Kf2 Kg5 74. Ke3 g3 0-1

[Event "AUTO-ELITE-2576"]
[Site "http://www.queenalice.com/game.php?id=1866852"]
[Date "2025.12.10"]
[Round "2"]
[White "Sexxy_Bunny"]
[Black "trompmaster"]
[Result "1-0"]
[WhiteElo "2689"]
[BlackElo "2464"]

1. e4 d6 2. d4 Nf6 3. Nc3 Nbd7 4. Nf3 e5 5. Bc4 Be7 6. O-O O-O 7. Re1 c6 8. a4
h6 9. h3 b6 10. d5 cxd5 11. Nxd5 Nxd5 12. Bxd5 Rb8 13. b3 Nf6 14. Ba3 Nxd5 15.
Qxd5 Be6 16. Qd3 Qe8 17. Re3 f5 18. exf5 Bxf5 19. Qc4+ Kh7 20. Nxe5 Bg5 21. f4
Rc8 22. Qf1 Bxc2 23. g3 dxe5 24. Bxf8 Bf6 25. Bd6 e4 26. Be5 Bxe5 27. fxe5 Qxe5
28. Qe1 Qe6 29. g4 Rd8 30. Qf2 Bxb3 31. Qf5+ Qxf5 32. gxf5 Bc2 33. Rc3 Bd3 34.
Rc7 Rf8 35. Ra2 Kg8 36. Rxa7 Rxf5 37. Rf2 e3 38. Rxf5 Bxf5 39. Kg2 Kf8 40. h4
Bg4 41. Ra8+ Kf7 42. Rd8 Ke7 43. Rd4 Bh5 44. Kf1 Bf3 45. Ke1 g5 46. Rb4 Kf6 47.
Rxb6+ Kf5 48. h5 Bxh5 49. Rb8 Ke5 50. a5 Bf3 51. Re8+ Kd4 52. a6 h5 53. Rd8+ Ke5
54. Re8+ Kd4 55. a7 h4 56. a8=Q Bxa8 57. Rxa8 Ke4 58. Ke2 Kf4 59. Ra3 Kg3 60.
Rxe3+ Kg2 61. Re4 Kg3 62. Ra4 g4 63. Kf1 Kf3 64. Ra3+ Ke4 65. Kg2 Kf5 66. Ra8
Ke5 67. Rh8 1-0

[Event "AUTO-ELITE-2603"]
[Site "http://www.queenalice.com/game.php?id=1867102"]
[Date "2025.12.17"]
[Round "1"]
[White "Sexxy_Bunny"]
[Black "trompmaster"]
[Result "1-0"]
[WhiteElo "2684"]
[BlackElo "2460"]

1. e4 d6 2. d4 Nf6 3. Nc3 Nbd7 4. Nf3 e5 5. Bc4 Be7 6. O-O O-O 7. Re1 c6 8. a4
Qc7 9. h3 b6 10. Ba2 a6 11. Be3 Bb7 12. Nh4 g6 13. Nf3 Rfe8 14. dxe5 Nxe5 15.
Nxe5 dxe5 16. Qf3 a5 17. Bh6 Bc8 18. Rad1 Be6 19. Bxe6 fxe6 20. b3 Nh5 21. Qg4
Bf8 22. Bxf8 Kxf8 23. Nb1 Nf6 24. Qf3 Kg7 25. Qc3 Rad8 26. Nd2 Qd6 27. Nf3 Qxd1
28. Rxd1 Rxd1+ 29. Kh2 Nd7 30. h4 Rc8 31. Nxe5 Nxe5 32. Qxe5+ Kf7 33. Qf4+ Kg7
34. h5 Rd7 35. h6+ Kg8 36. Qe5 Re7 37. Qd4 Rb8 38. Kg3 c5 39. Qd6 Rbb7 40. Qd8+
1-0

[Event "AUTO-ELITE-2603"]
[Site "http://www.queenalice.com/game.php?id=1867103"]
[Date "2025.12.17"]
[Round "1"]
[White "trompmaster"]
[Black "Sexxy_Bunny"]
[Result "0-1"]
[WhiteElo "2495"]
[BlackElo "2664"]

1. e4 e6 2. d4 d5 3. Nc3 Nf6 4. Bd3 c5 5. exd5 exd5 6. Nf3 Be7 7. dxc5 O-O 8.
Be3 Nbd7 9. O-O Nxc5 10. Re1 a6 11. Bd4 h6 12. h3 Be6 13. Ne2 Nfe4 14. Nf4 Bf5
15. Be3 Re8 16. Nd4 Bh7 17. Bf1 Na4 18. Rb1 Nb6 19. Nf3 Bd6 20. Nh5 Nc4 21. Bd4
Bf8 22. Nf4 Qd6 23. g3 Rad8 24. Bg2 g5 25. Nh5 Bg6 26. g4 Re6 27. a4 Qc7 28. c3
Rde8 29. Nh2 Bc5 30. Nf3 R8e7 31. Bxc5 Qxc5 32. Qd4 Qxd4 33. Nxd4 Nxc3 34. Rxe6
fxe6 35. Rc1 Na2 36. Re1 Nb4 37. b3 Nb2 38. Rxe6 Rxe6 39. Nxe6 N2d3 40. Bf1 Kf7
41. Nd4 Nc6 42. Nxc6 bxc6 43. Bxd3 Bxd3 44. b4 Bg6 45. Kf1 Bxh5 46. gxh5 Ke6 47.
Ke2 Kd6 48. Kd2 c5 49. Kc3 Kc6 50. Kb3 cxb4 51. Kxb4 a5+ 52. Kb3 Kc5 53. Kc3 d4+
54. Kd3 Kd5 55. Kd2 Kc4 56. Kc2 Kb4 57. Kd3 Kxa4 58. Kc4 d3 59. Kxd3 Kb3 0-1

[Event "AUTO-ELITE-2604"]
[Site "http://www.queenalice.com/game.php?id=1867404"]
[Date "2025.12.28"]
[Round "1"]
[White "trompmaster"]
[Black "WoodpusherKid"]
[Result "1/2-1/2"]
[WhiteElo "2492"]
[BlackElo "2661"]

1. e4 e5 2. Nf3 Nc6 3. Bb5 Nf6 4. O-O Nxe4 5. d4 a6 6. Bxc6 dxc6 7. Re1 Nf6 8.
Nbd2 e4 9. Nxe4 Nxe4 10. Rxe4+ Be7 11. Bg5 Be6 12. Qd2 h6 13. Bxe7 Qxe7 14. c4
O-O 15. Rae1 Qd6 16. b3 Rae8 17. h3 c5 18. Qc3 Bd7 19. Ne5 Bf5 20. dxc5 Qxc5 21.
Rf4 Bc8 22. Rf3 Re6 23. b4 Qe7 24. Ree3 c5 25. bxc5 Qxc5 26. Rg3 f6 27. Nd3 Qd6
28. c5 Qc7 29. a4 Rfe8 30. Rxe6 Bxe6 31. Qd4 Kh7 32. Re3 Bd7 33. Nf4 Rxe3 34.
fxe3 Bc6 35. a5 Qd7 36. Qxd7 Bxd7 37. Kf2 g5 38. Nd5 Kg6 39. e4 f5 40. Ke3 f4+
41. Kf3 Bb5 42. Ne7+ Kf7 43. Nf5 Kg6 44. Nd6 Bc6 45. Nf5 Be8 46. g4 fxg3 47. Nd6
Bc6 48. Kxg3 h5 49. e5 h4+ 50. Kh2 Kg7 51. Nf5+ Kg6 52. Nd4 Bd7 53. Kg2 Bc6+ 54.
Kf2 Bd5 55. Kf1 Kh5 56. Kg1 Be4 57. Kf2 Bd5 58. Nf5 Bc6 59. Nd4 Be4 60. e6 Kg6
61. e7 Kf7 62. Ne6 g4 63. Ng5+ Kxe7 64. Nxe4 gxh3 65. c6 bxc6 66. Kg1 1/2-1/2

[Event "AUTO-ELITE-2604"]
[Site "http://www.queenalice.com/game.php?id=1867405"]
[Date "2025.12.28"]
[Round "1"]
[White "WoodpusherKid"]
[Black "trompmaster"]
[Result "1-0"]
[WhiteElo "2669"]
[BlackElo "2493"]

1. c4 Nf6 2. d4 e6 3. g3 d5 4. Nf3 Be7 5. Bg2 O-O 6. O-O dxc4 7. Qc2 a6 8. Qxc4
b5 9. Qc2 Bb7 10. Bd2 Nbd7 11. Rd1 c5 12. dxc5 Bxc5 13. b4 Be7 14. a4 bxa4 15.
Qxa4 Nb6 16. Qb3 Bd5 17. Qd3 Nc4 18. Bc3 Qb8 19. Na3 Nxa3 20. Rxa3 Rd8 21. Rda1
Be4 22. Qe3 Qb7 23. Ne1 Bxg2 24. Nxg2 Ne4 25. Qf3 Rd5 26. Nf4 Rd7 27. Be1 Rc7
28. Ra4 Rcc8 29. Bd2 f5 30. Nd3 Rc2 31. Be3 Rc4 32. g4 g6 33. h3 Bf6 34. R1a3
Be7 35. Bh6 Bf6 36. Kg2 Bd4 37. gxf5 gxf5 38. Kh2 Kh8 39. Bf4 Rg8 40. Rxa6 Qg7
41. Bg3 Nxg3 42. fxg3 e5 43. Nc5 f4 44. g4 Rxb4 45. Ne6 Qd7 46. g5 Rb1 47. Nxd4
Qxd4 48. h4 Rc1 49. Ra8 e4 50. Rxg8+ Kxg8 51. Qxf4 Qg1+ 52. Kh3 Qh1+ 53. Qh2
Qf1+ 54. Kg4 Qf8 55. Re3 Qc8+ 56. Kg3 Qc5 57. Qf2 Rh1 58. Rf3 Rg1+ 59. Kh2 Qxf2+
60. Rxf2 Re1 61. Kg3 Kg7 62. Kf4 Rh1 63. Kg4 Re1 64. h5 Rh1 65. h6+ Kg8 66. e3
Rg1+ 67. Kf5 Kf7 68. Rf4 Rg3 69. Rxe4 Rf3+ 70. Kg4 Rf1 71. Rf4+ Rxf4+ 72. exf4
1-0

[Event "AUTO-ELITE-2605"]
[Site "http://www.queenalice.com/game.php?id=1867531"]
[Date "2026.1.4"]
[Round "1"]
[White "raulzampronha"]
[Black "trompmaster"]
[Result "0-1"]
[WhiteElo "2275"]
[BlackElo "2462"]

1. e4 d6 2. d4 Nf6 3. Nc3 Nbd7 4. Nf3 e5 5. Bc4 Be7 6. O-O c6 7. a4 Qc7 8. Re1
O-O 9. h3 h6 10. b3 Rd8 11. Ba3 Nf8 12. Qe2 a6 13. dxe5 dxe5 14. Bxe7 Qxe7 15.
Qe3 Ng6 16. Ne2 Qc7 17. Ng3 b5 18. axb5 cxb5 19. Bxb5 Bxh3 20. Bd3 Be6 21. Nf5
Ng4 22. Qc1 Nf4 23. Bf1 Bxf5 24. exf5 Qc5 0-1

[Event "AUTO-ELITE-2605"]
[Site "http://www.queenalice.com/game.php?id=1867532"]
[Date "2026.1.4"]
[Round "1"]
[White "trompmaster"]
[Black "raulzampronha"]
[Result "1-0"]
[WhiteElo "2460"]
[BlackElo "2277"]

1. d4 Nf6 2. c4 c5 3. d5 e6 4. Nc3 exd5 5. cxd5 g6 6. g3 d6 7. Bg2 Bg7 8. e4 O-O
9. Nge2 Re8 10. O-O a6 11. a4 Nbd7 12. Bg5 Rb8 13. Rb1 b5 14. axb5 axb5 15. b4
c4 16. Nd4 Ne5 17. Nc6 Nxc6 18. dxc6 1-0

[Event "AUTO-ELITE-2605"]
[Site "http://www.queenalice.com/game.php?id=1867537"]
[Date "2026.1.4"]
[Round "1"]
[White "trompmaster"]
[Black "Sexxy_Bunny"]
[Result "1/2-1/2"]
[WhiteElo "2466"]
[BlackElo "2674"]

1. e4 e6 2. d4 d5 3. Nd2 c5 4. Ngf3 cxd4 5. exd5 Qxd5 6. Bc4 Qd6 7. Nb3 Qc7 8.
Qxd4 Nc6 9. Qh4 Bd6 10. Bd2 Bd7 11. O-O-O Nge7 12. Bc3 O-O 13. Kb1 Rad8 14. Qe4
h6 15. h4 a6 16. Ng5 hxg5 17. hxg5 Ng6 18. Qe2 Be5 19. Qh5 Rfe8 20. f4 Bxc3 21.
f5 exf5 22. Qxg6 Be6 23. Qh7+ Kf8 24. Bxe6 Rxe6 25. bxc3 Rxd1+ 26. Rxd1 g6 27.
Qh8+ Ke7 28. Nd4 Nxd4 29. Rxd4 Qb6+ 30. Kc1 Rd6 31. Qe5+ Re6 32. Qb8 Re1+ 33.
Kd2 Re6 34. Kc1 Re1+ 35. Kd2 Re6 36. Kc1 1/2-1/2

[Event "AUTO-ELITE-2605"]
[Site "http://www.queenalice.com/game.php?id=1867538"]
[Date "2026.1.4"]
[Round "1"]
[White "Sexxy_Bunny"]
[Black "trompmaster"]
[Result "1-0"]
[WhiteElo "2677"]
[BlackElo "2491"]

1. e4 d6 2. d4 Nf6 3. Nc3 Nbd7 4. Nf3 e5 5. Bc4 Be7 6. O-O h6 7. a4 c6 8. Re1
O-O 9. h3 b6 10. d5 cxd5 11. Nxd5 Nxd5 12. Bxd5 Rb8 13. b3 Nf6 14. Ba3 Nxd5 15.
Qxd5 Be6 16. Qd3 Qe8 17. Re3 Rd8 18. Qa6 Qd7 19. Qe2 Qc7 20. c4 f5 21. Nd2 Bh4
22. Rd1 Qf7 23. Rd3 Be7 24. f3 Kh8 25. Bb4 Qe8 26. exf5 Bxf5 27. Ne4 Bxe4 28.
fxe4 Qg6 29. Bd2 Kg8 30. Rf1 Rxf1+ 31. Kxf1 Rf8+ 32. Rf3 Rxf3+ 33. Qxf3 Bg5 34.
Be1 h5 35. Qg3 Kf7 36. a5 bxa5 37. Bxa5 Be7 38. Qxg6+ Kxg6 39. b4 Kg5 40. g3 Kf6
41. b5 Ke6 42. Bc7 Kd7 43. Bb8 Kc8 44. Bxa7 Bd8 45. Bf2 Kb7 46. Ke2 Ba5 47. c5
dxc5 48. Bxc5 Bb6 49. Bd6 Bg1 50. Bxe5 g5 51. Kd3 Bh2 52. Kd4 Kb6 53. g4 Bg1+
54. Kd5 hxg4 55. hxg4 Kxb5 56. Bd4 Bxd4 57. Kxd4 1-0

[Event "AUTO-ELITE-2608"]
[Site "http://www.queenalice.com/game.php?id=1868486"]
[Date "2026.1.26"]
[Round "1"]
[White "trompmaster"]
[Black "Guilherme_Ottoni"]
[Result "1-0"]
[WhiteElo "2490"]
[BlackElo "2228"]

1. e4 c5 2. Nf3 e6 3. d4 cxd4 4. Nxd4 a6 5. Bd3 Bc5 6. Nb3 Ba7 7. O-O Ne7 8. Bf4
Nbc6 9. Bd6 Bb8 10. Be2 O-O 11. c4 f5 12. Nc3 Bxd6 13. Qxd6 fxe4 14. Rad1 Nf5
15. Qf4 d5 16. cxd5 exd5 17. Nxd5 Nfd4 18. Qxe4 Re8 19. Nf6+ gxf6 20. Bc4+ Kh8
21. Qf4 Be6 22. Nxd4 Nxd4 23. Rxd4 Qe7 24. Re1 Qf7 25. Bxe6 Rxe6 26. Red1 Rae8
27. g3 Kg7 28. Qg4+ Qg6 29. Rd7+ R6e7 30. Qe6 Qf7 31. Qg4+ Qg6 32. Qb4 Qf7 33.
Qxb7 Kf8 34. Rxe7 Rxe7 35. Qxa6 Ra7 36. Qc8+ Kg7 37. a4 1-0

[Event "AUTO-ELITE-2608"]
[Site "http://www.queenalice.com/game.php?id=1868487"]
[Date "2026.1.26"]
[Round "1"]
[White "Guilherme_Ottoni"]
[Black "trompmaster"]
[Result "1/2-1/2"]
[WhiteElo "2217"]
[BlackElo "2493"]

1. d4 d5 2. Nf3 Nf6 3. e3 e6 4. Bd3 Bd6 5. Nbd2 b6 6. b3 O-O 7. Bb2 Bb7 8. O-O
Ne4 9. c4 Nd7 10. Qc2 f5 11. cxd5 exd5 12. Ne5 c5 13. Bb5 Ndf6 14. f3 cxd4 15.
exd4 Rc8 16. Qd3 a6 17. fxe4 fxe4 18. Qe2 axb5 19. Rfc1 b4 20. Rxc8 Qxc8 21. a4
Qc2 22. Rb1 Bxe5 23. dxe5 Nh5 24. Qxh5 Qxd2 25. Qd1 Qf2+ 26. Kh1 e3 27. Bd4 e2
28. Bxf2 exd1=R+ 29. Rxd1 Re8 30. Re1 d4 31. Bxd4 Bd5 32. Kg1 Bxb3 33. Bxb6 Bxa4
34. e6 b3 35. Bd4 Bb5 36. Kf2 Bc4 37. e7 Kf7 38. Bc5 Ra8 39. Kg3 Bd3 40. Bd4 g6
41. Re3 Bc4 42. e8=Q+ 1/2-1/2

[Event "AUTO-ELITE-2611"]
[Site "http://www.queenalice.com/game.php?id=1869788"]
[Date "2026.2.25"]
[Round "1"]
[White "trompmaster"]
[Black "JailtonMaster"]
[Result "1-0"]
[WhiteElo "2491"]
[BlackElo "2209"]

1. Nf3 d5 2. e3 c5 3. d4 e6 4. c4 Nc6 5. Nc3 Nf6 6. a3 Be7 7. dxc5 Bxc5 8. b4
Bb6 9. Be2 O-O 10. O-O a5 11. b5 Ne7 12. Bb2 Qc7 13. Na4 Nd7 14. Rc1 Ba7 15.
cxd5 Qd6 16. dxe6 Qxe6 17. Rc7 Nd5 18. Bc4 Nxe3 19. fxe3 Qxe3+ 20. Kh1 Rd8 21.
Ne5 Bb8 22. Nxf7 Rf8 23. Nh6+ Kh8 24. Rxf8+ Nxf8 25. Bxg7# 1-0

[Event "AUTO-ELITE-2611"]
[Site "http://www.queenalice.com/game.php?id=1869789"]
[Date "2026.2.25"]
[Round "1"]
[White "JailtonMaster"]
[Black "trompmaster"]
[Result "0-1"]
[WhiteElo "2208"]
[BlackElo "2489"]

1. d4 d5 2. c4 e6 3. Nc3 Nf6 4. Nf3 c5 5. e3 cxd4 6. Nxd4 Nc6 7. cxd5 exd5 8.
Nxc6 bxc6 9. Qa4 Qb6 10. Bd3 Bd6 11. O-O O-O 12. a3 Re8 13. b4 d4 14. Ne2 dxe3
15. fxe3 Rxe3 16. Bxe3 Qxe3+ 17. Kh1 Qh6 18. Kg1 Bxh2+ 19. Kf2 Qd2 20. g3 Bh3
0-1